000 00471nmm a2200157Ia 4500
008 251105s9999||||xx |||||||||||||||||und||
041 _aspa
100 _aShowalter, Gena
245 0 _aEl señor de los vampiros
264 _a[Madrid, España] :
_bHarlequin,
_c[Fecha de publicación no identificada]
300 _a0 páginas
490 _a'Príncipes de las sombras'
650 _aRomance
856 _uhttps://public.digitaliapublishing.com/a/90397
942 _cCF
999 _c100490
_d100490